000 00301nam a2200121Ia 4500
008 190216s9999||||xx |||||||||||||| ||und||
100 _aEvitt He &syrett W W
245 0 _aManual Of Foreign Exchange
260 _bSirisaic Pitman & Sons
_c1966
300 _a268p
650 _aEconomics
942 _cBK
999 _c9128
_d9128